LEADER 01334nam a2200289 4500 001 000000359855 003 CaOOAMICUS 005 20240918161638.0 008 240918s2005 it a 000 u ita r 040 $aSeMil$bita 100 1 $aMingardi, Corrado.$0(OLS)http://semarc/name/120450 245 10$aCon Verdi nella sua terra :$bguida breve di Busseto, Roncole e Sant'Agata /$cCorrado Mingardi ; a cura della Associazione Amici di Verdi Busseto. 250 $a6. ed. 264 1$aFidenza :$bCasa Editrice Mattioli,$cStampa 2005. 300 $a80 p. :$bill. ;$c21 cm 541 0 $aOmaggio mons. Mario Delpini (3P I 333) 600 14$aVerdi, Giuseppe <1813-1901>.$0(OLS)http://semarc/subject/5275 650 4$aBusseto.$0(OLS)http://semarc/subject/44792 650 4$aBusseto - Roncole Verdi.$0(OLS)http://semarc/subject/56329 710 0 $aAssociazione Amici di Verdi Busseto.$0(OLS)http://semarc/name/120451 850 $aSeMil 852 $aSeMil$W1$xVenegono$y1$m3P I 333$j250865$B250905$CSeMilBibl$Z2$F250905 $81 941 1 $a7 961 $aOmaggio mons. Mario Delpini 996 $6245$aCon Verdi nella sua terra :$bguida breve di Busseto, Roncole e Sant'Agata$9(OLS)http://semarc/title/450277 996 $6264$aFidenza :$bCasa Editrice Mattioli$9(OLS)http://semarc/publisher/61961 LEADER 01158nam a2200241 4500 001 000000330893 003 CaOOAMICUS 005 20181106124925.0 008 181025s2005 it aaaa 000 u ita r 040 $aSeMil$bita 245 10$aBernardino Luini e la pittura nell'Alto Milanese dal Rinascimento al Manierismo /$ca cura di Paola Barbara Piccone Conti e Dario Rondanini. 264 1$aBusto Arsizio :$bNomos,$c2005. 300 $a103 p. :$bill ;$c24 cm 600 14$aLuini, Bernardino .$0(OLS)http://semarc/subject/12486 650 4$aMilano - Pittura.$0(OLS)http://semarc/subject/47793 700 1 $aPiccone Conti, Paola Barbara,$d<1964- >.$0(OLS)http://semarc/name/69392 700 1 $aRondanini, Dario.$0(OLS)http://semarc/name/22704 850 $aSeMil 852 $aSeMil$W1$xVenegono$y1$m5W VII 150$j220372$B223478$CSeMilBibl$Z2$F223478 $81 961 $aLascito don Giuseppe Prina 996 $6245$aBernardino Luini e la pittura nell'Alto Milanese dal Rinascimento al Manierismo$9(OLS)http://semarc/title/419505 996 $6264$aBusto Arsizio :$bNomos$9(OLS)http://semarc/publisher/55524